Shaping Investment Trends through the African Continental Free Trade Area and Its Investment Protocol in Africa

Skúmanie významu Africkej kontinentálnej zóny voľného obchodu (AfCFTA) a jej investičného protokolu pre priame zahraničné investície a hospodársku integráciu v Afrike. Záver, že AfCFTA bude zohrávať kľúčovú úlohu pri pretváraní hospodárskej krajiny Afriky a urýchľovaní jej rozvojovej trajektórie.

Gespeichert in:
Bibliographische Detailangaben
1. Verfasser: Lacušová, Sabina, 1999-
Format: Buchkapitel
Sprache:Englisch
Schlagworte:
Tags: Tag hinzufügen
Keine Tags, Fügen Sie das erste Tag hinzu!

MARC

LEADER 00000naa$a2200000$$$4500
001 0312170
005 20250912091906.1
041 0 |a eng 
044 |a SK 
245 1 0 |a Shaping Investment Trends through the African Continental Free Trade Area and Its Investment Protocol in Africa  |c Sabina Lacušová 
520 |a Skúmanie významu Africkej kontinentálnej zóny voľného obchodu (AfCFTA) a jej investičného protokolu pre priame zahraničné investície a hospodársku integráciu v Afrike. Záver, že AfCFTA bude zohrávať kľúčovú úlohu pri pretváraní hospodárskej krajiny Afriky a urýchľovaní jej rozvojovej trajektórie. 
610 2 0 |a Afrika 
610 2 0 |a zóny hospodárske zvláštne 
610 2 0 |a obchod voľný 
610 2 0 |a investície 
610 2 0 |a investície priame zahraničné 
610 2 0 |a investície rozvojové 
100 1 |a Lacušová, Sabina, 1999-